| 000 | 00692cab a2200205 4500 | ||
|---|---|---|---|
| 001 | WB2815-18 | ||
| 008 | 090401t1992 xxu||||| |||| 00| 0 eng d | ||
| 035 | _a(Sirsi) u73163 | ||
| 041 | _aeng | ||
| 245 | _aEnvironmental `checklist` promised | ||
| 260 | _c1992 | ||
| 350 | _a0 | ||
| 490 |
_aNew Builder _v(123) 2 April 1992, 8(1) |
||
| 520 | _aA study is to be conducted by CIRIA`s environmental forum with the aim of producing a checklist to encourage environmentally sensitive decisions in the construction industry. | ||
| 650 | _aCIRIA ENVIRONMENTAL FORUM | ||
| 650 | _aCONSTRUCTION INDUSTRY | ||
| 690 | _aENVIRONMENTAL AND LAND CONSULTANCY | ||
| 942 | _n0 | ||
| 948 | _c04/03/1997 | ||
| 999 |
_c46270 _d46270 |
||